LEADER 02781oas 2201045 a 450 001 9910229819903321 005 20251014213014.0 011 $a2378-1874 035 $a(DE-599)ZDB2246003-2 035 $a(OCoLC)62585584 035 $a(CONSER) 2012219064 035 $a(CKB)954921370621 035 $a(EXLCZ)99954921370621 100 $a20051213b19761992 uy a 101 0 $aeng 135 $aurbn||||||||| 181 $ctxt$2rdacontent 182 $cc$2rdamedia 183 $acr$2rdacarrier 200 10$aIndustrial relations law journal 210 $aBerkeley $cSchool of Law, University of California$d1976-1992 300 $aTitle from title screen (viewed Dec. 9, 2005). 311 1 $a0145-188X 606 $aLabor laws and legislation$zUnited States$vPeriodicals 606 $aTravail$xDroit$zE?tats-Unis$vPe?riodiques 606 $aPrawo pracy$2dbn 606 $aLabor laws and legislation$2fast$3(OCoLC)fst00989967 606 $aArbeidsrecht$2gtt 606 $aDroit du travail$2rasuqam 606 $aRelations de travail$2rasuqam 607 $aStany Zjednoczone$2dbn 607 $aUnited States$2fast$1https://id.oclc.org/worldcat/entity/E39PBJtxgQXMWqmjMjjwXRHgrq 607 $aE?tats-Unis$2rasuqam 608 $aPeriodicals.$2fast 608 $aPeriodicals.$2lcgft 608 $aperiodicals.$2aat 608 $aPe?riodique e?lectronique (Descripteur de forme)$2rasuqam 608 $aRessource Internet (Descripteur de forme)$2rasuqam 608 $aPe?riodiques.$2rvmgf 615 0$aLabor laws and legislation 615 6$aTravail$xDroit 615 7$aPrawo pracy. 615 7$aLabor laws and legislation. 615 17$aArbeidsrecht. 615 17$aDroit du travail. 615 7$aRelations de travail. 676 $a344.73 712 02$aUniversity of California, Berkeley.$bSchool of Law. 801 0$bGAO 801 1$bGAO 801 2$bNCCHA 801 2$bNDO 801 2$bHUA 801 2$bMUQ 801 2$bNLGGC 801 2$bOCLCQ 801 2$bDLC 801 2$bOCLCQ 801 2$bOCLCF 801 2$bOCLCO 801 2$bDLC 801 2$bTEF 801 2$bOCLCQ 801 2$bGILDS 801 2$bOCLCO 801 2$bUUM 801 2$bOCLCO 801 2$bVT2 801 2$bOCLCO 801 2$bOCLCQ 801 2$bOCLCO 801 2$bBWN 801 2$bRDF 801 2$bOCLCO 801 2$bOCLCL 801 2$bOCLCE 801 2$bAUD 801 2$bBUF 801 2$bUAB 801 2$bLND 801 2$bFIE 801 2$bUEJ 801 2$bVGL 801 2$bS2H 801 2$bLVT 801 2$bQGK 906 $aJOURNAL 912 $a9910229819903321 996 $aIndustrial relations law journal$91968868 997 $aUNINA LEADER 03986oas 2201585 a 450 001 9910144722103321 005 20251217200805.0 011 $a1879-0607 035 $a(DE-599)ZDB1497841-6 035 $a(DE-599)1497841-6 035 $a(OCoLC)38927849 035 $a(CONSER) 2004233031 035 $a(CKB)954925609895 035 $a(EXLCZ)99954925609895 100 $a19980409a19979999 sy a 101 0 $aeng 135 $aurmnu|||||||| 181 $ctxt$2rdacontent 182 $cc$2rdamedia 183 $acr$2rdacarrier 200 10$aEvolution and human behavior 210 $aNew York, NY $cElsevier Science Inc.$d1997- 215 $a1 online resource 300 $aRefereed/Peer-reviewed 300 $aTitle from contents screen (ScienceDirect, viewed Jan. 6, 2004). 311 08$a1090-5138 531 1 $aEvol. hum. behav. 606 $aHuman behavior$vPeriodicals 606 $aHuman evolution$vPeriodicals 606 $aPsychology$vPeriodicals 606 $aEvolution (Biology) 606 $aHuman behavior 606 $aBiological Evolution 606 $aHumans 606 $aBehavior 606 $aComportement humain$vPe?riodiques 606 $aHomme$xE?volution$xPe?riodiques 606 $aPsychologie$xPe?riodiques 606 $aHomme$xE?volution$vPe?riodiques 606 $aPsychologie$vPe?riodiques 606 $aE?volution (Biologie) 606 $aComportement humain 606 $aevolution$2aat 606 $ahuman behavior$2aat 606 $aEvolution (Biology)$2fast$3(OCoLC)fst00917302 606 $aHuman behavior$2fast$3(OCoLC)fst00962811 606 $aHuman evolution$2fast$3(OCoLC)fst00963030 606 $aPsychology$2fast$3(OCoLC)fst01081447 606 $aEvolutie$2gtt 606 $aGedrag$2gtt 608 $aperiodicals.$2aat 608 $aPeriodicals.$2fast 608 $aPeriodicals.$2lcgft 608 $aPe?riodiques.$2rvmgf 615 0$aHuman behavior 615 0$aHuman evolution 615 0$aPsychology 615 0$aEvolution (Biology) 615 0$aHuman behavior. 615 12$aBiological Evolution. 615 02$aHumans. 615 2$aBehavior. 615 6$aComportement humain 615 6$aHomme$xE?volution$xPe?riodiques. 615 6$aPsychologie$xPe?riodiques. 615 6$aHomme$xE?volution 615 6$aPsychologie 615 6$aE?volution (Biologie) 615 6$aComportement humain. 615 7$aevolution. 615 7$ahuman behavior. 615 7$aEvolution (Biology) 615 7$aHuman behavior. 615 7$aHuman evolution. 615 7$aPsychology. 615 17$aEvolutie. 615 17$aGedrag. 676 $a155.7/05 712 02$aHuman Behavior and Evolution Society, 801 0$bOH1 801 1$bOH1 801 2$bOCL 801 2$bOCLCQ 801 2$bGUA 801 2$bOCLCQ 801 2$bU9S 801 2$bGUA 801 2$bOCLCQ 801 2$bSERSO 801 2$bOCLCQ 801 2$bOPELS 801 2$bOCLCF 801 2$bOCLCO 801 2$bVT2 801 2$bOCLCQ 801 2$bOCLCO 801 2$bOCLCQ 801 2$bTSC 801 2$bOCLCO 801 2$bOCLCA 801 2$bBUF 801 2$bU3W 801 2$bEZC 801 2$bOCLCO 801 2$bFQM 801 2$bOCLCO 801 2$bAU@ 801 2$bOCLCO 801 2$bWYU 801 2$bOCLCO 801 2$bUKMGB 801 2$bOCLCA 801 2$bAUD 801 2$bOCLCO 801 2$bOCLCA 801 2$bTKN 801 2$bOCLCO 801 2$bOCLCA 801 2$bBWN 801 2$bOCLCO 801 2$bOCL 801 2$bOCLCQ 801 2$bUAB 801 2$bUBY 801 2$bOCLCL 801 2$bCSU 801 2$bOCLCE 801 2$bFIE 801 2$bWURST 801 2$bAAE 801 2$bOCLCQ 906 $aJOURNAL 912 $a9910144722103321 996 $aEvolution and human behavior$91892256 997 $aUNINA